000 00597nam a2200229Ia 4500
003 OSt
005 20221006164548.0
006 a|||||r|||| 00| 0
007 ta
008 221006b |||||||| |||| 00| 0 pan d
024 _a6,683
037 _cTextual
040 _aFML
_cFML
_bpan
041 _2pan
_apan
082 _aNR(Q8441), 153N7
100 _aHarvinder Singh Au.
_9677786
245 0 _aGurmat Sangeet
260 _aLudhiyana
_bIndia
_c1997
300 _a364
_ccm.
942 _hNR(Q8441), 153N7
_cTEXL
_2CC
999 _c1117673
_d1117673